000 00762nam a2200241Ia 4500
003 OSt
005 20240930100225.0
008 210716s2010 xx 000 0 und d
020 _a9788177229943
040 _cAIMIT LIBRARY
041 _aeng
082 _a005.13311
_21
_bTHAG
100 _aThampi, G T;
_9180734
245 _aObject oriented programming in c++ /
_cBy G T Thampi and S S Mantha.
250 _a1st ed.
260 _aNew Delhi :
_bDreamtech Press ;
_c2010.
300 _axviii,726p. ;
_bPB
_c23 cm.
650 _aInput/output data and flow controls
_9180735
650 _aWorking with arrays and functions
_9180736
650 _aStructures and unions
_9180737
700 _aMantha, S S.
_9180738
942 _2ddc
_cBK
_e1st ed.
_k005.13311 THAG
999 _c190538
_d190538